000
00285nam a2200109Ia 4500
008
190906s9999||||xx |||||||||||||| ||und||
100
_a
Usry Hammer Matz
245
0
_a
Cost Accounting Planning and Control
260
_a
America
_b
Prentice Hall Inc.
_c
1998
300
_a
895
942
_c
BK
999
_c
6012
_d
6012